Core concepts of real estate principles and practices
| Main Author: | |
|---|---|
| Format: | Book |
| Published: |
New Jersey :
John Wiley & Sons ,
2003
|
| Subjects: |
MARC
| LEADER | 00000cam a2200000 7i4500 | ||
|---|---|---|---|
| 001 | 0000011883 | ||
| 005 | 20051020.0 | ||
| 020 | |a 0471223794 | ||
| 040 | |a INS | ||
| 090 | 0 | 0 | |a HD1375 |b L37 2003 |
| 100 | 1 | |a Leasen, James A | |
| 245 | 1 | 0 | |a Core concepts of real estate principles and practices |c James A. Leasen |
| 260 | |a New Jersey : |b John Wiley & Sons , |c 2003 | ||
| 300 | |a xxxv : |b 440p ; |c 25cm. | ||
| 650 | 0 | 0 | |a Real Estate investment |
| 999 | |a 0000015893 |b BOOK |c Open Shelf |e Default branch | ||
| 999 | |a 1000000468 |b BOOK |c Open Shelf |e Default branch | ||